[Event "Blondes - Brunettes"]
[Site "Moscow"]
[Date "2020.03.15"]
[Round "3.4"]
[White "Charochkina, Daria"]
[Black "Bivol, Alina"]
[Result "1-0"]
[BlackElo "2219"]
[WhiteElo "2332"]
[LiveChessVersion "1.4.8"]

1. d4 {[%clk 0:03:03]} Nf6 {[%clk 0:03:03]} 2. c4 {[%clk 0:03:04]} g6
{[%clk 0:03:05]} 3. Nc3 {[%clk 0:03:05]} Bg7 {[%clk 0:03:06]} 4. e4
{[%clk 0:03:07]} d6 {[%clk 0:03:07]} 5. f4 {[%clk 0:03:08]} O-O {[%clk 0:03:03]}
6. Nf3 {[%clk 0:03:09]} c5 {[%clk 0:03:04]} 7. d5 {[%clk 0:03:10]} a6
{[%clk 0:02:53]} 8. a4 {[%clk 0:03:09]} a5 {[%clk 0:02:51]} 9. Bd3
{[%clk 0:03:10]} Na6 {[%clk 0:02:52]} 10. O-O {[%clk 0:03:10]} Nb4
{[%clk 0:02:53]} 11. Bb1 {[%clk 0:03:11]} e6 {[%clk 0:02:50]} 12. h3
{[%clk 0:02:57]} exd5 {[%clk 0:02:50]} 13. cxd5 {[%clk 0:02:55]} Re8
{[%clk 0:02:47]} 14. Re1 {[%clk 0:02:52]} Nd7 {[%clk 0:02:19]} 15. Be3
{[%clk 0:02:46]} Nb6 {[%clk 0:02:19]} 16. Bf2 {[%clk 0:02:37]} Bd7
{[%clk 0:02:08]} 17. Kh1 {[%clk 0:02:26]} Bh6 {[%clk 0:01:33]} 18. Bh4
{[%clk 0:02:13]} Qc8 {[%clk 0:01:35]} 19. f5 {[%clk 0:01:40]} Nc4
{[%clk 0:01:17]} 20. Qe2 {[%clk 0:01:29]} Ne5 {[%clk 0:00:45]} 21. Nxe5
{[%clk 0:01:28]} Rxe5 {[%clk 0:00:45]} 22. Bg3 {[%clk 0:01:27]} Re8
{[%clk 0:00:47]} 23. Bxd6 {[%clk 0:01:24]} Bxf5 {[%clk 0:00:43]} 24. e5
{[%clk 0:01:22]} Bxh3 {[%clk 0:00:09]} 25. gxh3 {[%clk 0:01:19]} Qxh3+
{[%clk 0:00:10]} 26. Qh2 {[%clk 0:01:20]} Qf3+ {[%clk 0:00:11]} 27. Qg2
{[%clk 0:01:21]} Qh5+ {[%clk 0:00:12]} 28. Kg1 {[%clk 0:01:18]} Rad8
{[%clk 0:00:11]} 29. Be4 {[%clk 0:01:16]} Bf4 {[%clk 0:00:06]} 30. Bf3
{[%clk 0:01:10]} Qh6 {[%clk 0:00:06]} 31. Rad1 {[%clk 0:00:52]} Be3+
{[%clk 0:00:04]} 32. Kf1 {[%clk 0:00:51]} Bf4 {[%clk 0:00:04]} 33. Ne4
{[%clk 0:00:49]} Kg7 34. Nf6 {[%clk 0:00:44]} Rh8 {[%clk 0:00:03]} 35. Be7
{[%clk 0:00:34]} Rc8 {[%clk 0:00:00]} 36. d6 1-0

[Event "Blondes - Brunettes"]
[Site "Moscow"]
[Date "2020.03.15"]
[Round "3.5"]
[White "Voit, Daria"]
[Black "Badelka, Olga"]
[Result "1-0"]
[BlackElo "2153"]
[WhiteElo "2326"]
[LiveChessVersion "1.4.8"]

1. d4 {[%clk 0:03:02]} Nf6 {[%clk 0:03:04]} 2. Nf3 {[%clk 0:03:03]} e6
{[%clk 0:03:04]} 3. c4 {[%clk 0:02:58]} d5 {[%clk 0:03:04]} 4. g3
{[%clk 0:02:59]} Bb4+ {[%clk 0:03:04]} 5. Bd2 {[%clk 0:02:59]} Be7
{[%clk 0:03:05]} 6. Bg2 {[%clk 0:03:00]} c6 {[%clk 0:03:06]} 7. O-O
{[%clk 0:03:00]} O-O {[%clk 0:03:06]} 8. Qc2 {[%clk 0:03:00]} b6 {[%clk 0:03:07]}
9. Bf4 {[%clk 0:02:58]} Ba6 {[%clk 0:03:01]} 10. Ne5 {[%clk 0:02:52]} Nfd7
{[%clk 0:02:49]} 11. Nxd7 {[%clk 0:02:38]} Nxd7 {[%clk 0:02:41]} 12. b3
{[%clk 0:02:35]} Rc8 {[%clk 0:02:36]} 13. Rd1 {[%clk 0:01:48]} Bf6
{[%clk 0:02:26]} 14. cxd5 {[%clk 0:01:23]} cxd5 {[%clk 0:02:26]} 15. Qb2
{[%clk 0:00:57]} Qe7 {[%clk 0:02:16]} 16. Bf1 {[%clk 0:00:57]} Qb4
{[%clk 0:01:48]} 17. a3 {[%clk 0:00:30]} Qe7 {[%clk 0:01:49]} 18. Nc3
{[%clk 0:00:24]} Rc6 {[%clk 0:01:49]} 19. Rac1 {[%clk 0:00:20]} Rfc8
{[%clk 0:01:50]} 20. h4 {[%clk 0:00:15]} h6 {[%clk 0:01:46]} 21. Na2
{[%clk 0:00:10]} Rxc1 {[%clk 0:01:22]} 22. Rxc1 {[%clk 0:00:11]} Rxc1
{[%clk 0:01:19]} 23. Bxc1 {[%clk 0:00:12]} e5 {[%clk 0:01:09]} 24. dxe5
{[%clk 0:00:07]} Bxe5 {[%clk 0:01:10]} 25. Qc2 {[%clk 0:00:07]} Qc5
{[%clk 0:00:59]} 26. Nb4 {[%clk 0:00:06]} Bb7 {[%clk 0:00:53]} 27. Bg2
{[%clk 0:00:04]} Nf6 {[%clk 0:00:34]} 28. Qd1 {[%clk 0:00:06]} a5
{[%clk 0:00:26]} 29. Nd3 {[%clk 0:00:06]} Qe7 {[%clk 0:00:23]} 30. Nxe5
{[%clk 0:00:07]} Qxe5 {[%clk 0:00:24]} 31. Be3 {[%clk 0:00:08]} Qd6
{[%clk 0:00:22]} 32. a4 {[%clk 0:00:08]} Qb4 {[%clk 0:00:14]} 33. Qd3
{[%clk 0:00:08]} Ne4 {[%clk 0:00:11]} 34. Bxe4 {[%clk 0:00:07]} dxe4
{[%clk 0:00:11]} 35. Qd8+ {[%clk 0:00:09]} Kh7 {[%clk 0:00:12]} 36. Qxb6
{[%clk 0:00:10]} Qe1+ {[%clk 0:00:09]} 37. Kg2 {[%clk 0:00:10]} Bd5
{[%clk 0:00:07]} 38. Qb5 {[%clk 0:00:09]} Be6 {[%clk 0:00:06]} 39. Bd4
{[%clk 0:00:07]} g6 {[%clk 0:00:03]} 40. Qe5 {[%clk 0:00:08]} Bh3+
{[%clk 0:00:04]} 41. Kh2 {[%clk 0:00:08]} 1-0

[Event "Blondes - Brunettes"]
[Site "Moscow"]
[Date "2020.03.15"]
[Round "3.6"]
[White "Shuvalova, Polina"]
[Black "Obolentseva, Alexandra"]
[Result "1/2-1/2"]
[BlackElo "2113"]
[WhiteElo "2319"]
[LiveChessVersion "1.4.8"]

1. d4 {[%clk 0:03:01]} Nf6 2. c4 g6 {[%clk 0:03:04]} 3. Nc3 {[%clk 0:03:04]} Bg7
{[%clk 0:03:05]} 4. e4 {[%clk 0:03:05]} d6 {[%clk 0:03:06]} 5. Nf3
{[%clk 0:03:06]} O-O {[%clk 0:03:06]} 6. Be2 {[%clk 0:03:06]} e5 {[%clk 0:03:07]}
7. O-O {[%clk 0:03:06]} exd4 {[%clk 0:03:07]} 8. Nxd4 {[%clk 0:03:07]} Re8
{[%clk 0:03:08]} 9. f3 {[%clk 0:02:59]} c6 {[%clk 0:03:09]} 10. Bg5
{[%clk 0:02:35]} Qa5 {[%clk 0:03:04]} 11. Qd2 {[%clk 0:02:32]} Nxe4
{[%clk 0:02:39]} 12. fxe4 {[%clk 0:02:28]} Bxd4+ {[%clk 0:02:39]} 13. Qxd4
{[%clk 0:02:10]} Qxg5 {[%clk 0:02:39]} 14. Qxd6 {[%clk 0:02:09]} Na6
{[%clk 0:02:36]} 15. Bf3 {[%clk 0:01:16]} Be6 {[%clk 0:02:35]} 16. Qd4
{[%clk 0:00:51]} Red8 {[%clk 0:02:24]} 17. Qf2 {[%clk 0:00:52]} Bxc4
{[%clk 0:02:24]} 18. Be2 {[%clk 0:00:47]} Be6 {[%clk 0:02:08]} 19. Bxa6
{[%clk 0:00:47]} bxa6 {[%clk 0:02:09]} 20. Rad1 {[%clk 0:00:42]} c5
{[%clk 0:02:03]} 21. b3 {[%clk 0:00:35]} Rxd1 {[%clk 0:01:47]} 22. Rxd1
{[%clk 0:00:35]} Qe5 {[%clk 0:01:46]} 23. Nd5 {[%clk 0:00:31]} Bxd5
{[%clk 0:01:35]} 24. exd5 {[%clk 0:00:23]} Qd6 {[%clk 0:01:34]} 25. Qe2
{[%clk 0:00:15]} Rc8 {[%clk 0:01:33]} 26. Qc4 {[%clk 0:00:16]} Re8
{[%clk 0:01:32]} 27. h3 {[%clk 0:00:15]} Re5 {[%clk 0:01:30]} 28. Kh1
{[%clk 0:00:11]} Rf5 {[%clk 0:01:28]} 29. Qe4 {[%clk 0:00:10]} Re5
{[%clk 0:01:26]} 30. Qc4 {[%clk 0:00:11]} Rg5 {[%clk 0:01:15]} 31. Qe4
{[%clk 0:00:10]} Kg7 {[%clk 0:01:04]} 32. Qc4 {[%clk 0:00:06]} Qg3
{[%clk 0:00:59]} 33. Qe2 {[%clk 0:00:04]} Qd6 {[%clk 0:00:45]} 34. Qb2+
{[%clk 0:00:06]} Kg8 {[%clk 0:00:43]} 35. Qd2 {[%clk 0:00:07]} Re5
{[%clk 0:00:43]} 36. Qd3 {[%clk 0:00:09]} f5 {[%clk 0:00:38]} 37. Qc4
{[%clk 0:00:09]} Re4 {[%clk 0:00:38]} 38. Qc3 {[%clk 0:00:10]} Re5 39. Qc4 Re4
{[%clk 0:00:17]} 40. Qc3 {[%clk 0:00:13]} Re5 {[%clk 0:00:15]} 1/2-1/2

[Event "Blondes - Brunettes"]
[Site "Moscow"]
[Date "2020.03.15"]
[Round "3.7"]
[White "Dordzhieva, Dinara"]
[Black "Fominykh, Maria"]
[Result "1-0"]
[BlackElo "2108"]
[WhiteElo "2273"]
[LiveChessVersion "1.4.8"]

1. Nf3 {[%clk 0:03:03]} Nf6 {[%clk 0:03:04]} 2. c4 {[%clk 0:03:03]} g6
{[%clk 0:03:05]} 3. g3 {[%clk 0:03:04]} Bg7 {[%clk 0:03:06]} 4. d4
{[%clk 0:03:05]} O-O {[%clk 0:03:06]} 5. Bg2 {[%clk 0:03:05]} d6 {[%clk 0:03:08]}
6. Nc3 {[%clk 0:03:06]} Bf5 {[%clk 0:03:03]} 7. Nh4 {[%clk 0:02:57]} Bc8
{[%clk 0:03:04]} 8. O-O {[%clk 0:02:57]} c6 {[%clk 0:03:03]} 9. e4
{[%clk 0:02:56]} e5 {[%clk 0:03:02]} 10. Nf3 {[%clk 0:02:56]} Qc7
{[%clk 0:02:56]} 11. h3 {[%clk 0:02:56]} a5 {[%clk 0:02:52]} 12. Be3
{[%clk 0:02:56]} Na6 {[%clk 0:02:50]} 13. Qd2 {[%clk 0:02:37]} Re8
{[%clk 0:02:51]} 14. Rad1 {[%clk 0:02:36]} Bd7 {[%clk 0:02:38]} 15. Qc2
{[%clk 0:02:12]} Rad8 {[%clk 0:02:21]} 16. Kh2 {[%clk 0:02:03]} Bc8
{[%clk 0:01:42]} 17. Rfe1 {[%clk 0:01:55]} h6 {[%clk 0:01:32]} 18. Na4
{[%clk 0:01:29]} b5 {[%clk 0:00:53]} 19. dxe5 {[%clk 0:01:10]} bxa4
{[%clk 0:00:43]} 20. exf6 {[%clk 0:01:11]} Bxf6 {[%clk 0:00:42]} 21. Bxh6
{[%clk 0:01:10]} Nc5 {[%clk 0:00:43]} 22. Bf4 {[%clk 0:01:03]} Ba6
{[%clk 0:00:29]} 23. e5 {[%clk 0:00:59]} dxe5 {[%clk 0:00:22]} 24. Rxd8
{[%clk 0:01:00]} Qxd8 {[%clk 0:00:20]} 25. Nxe5 {[%clk 0:00:56]} Qb6
{[%clk 0:00:12]} 26. Re2 {[%clk 0:00:18]} Re6 {[%clk 0:00:12]} 27. h4
{[%clk 0:00:16]} Qd8 {[%clk 0:00:05]} 28. Nxc6 {[%clk 0:00:08]} Rxe2
{[%clk 0:00:03]} 29. Qxe2 {[%clk 0:00:09]} Qd7 {[%clk 0:00:03]} 30. Nxa5
{[%clk 0:00:05]} Ne6 {[%clk 0:00:03]} 31. Be5 {[%clk 0:00:05]} Bd8
{[%clk 0:00:03]} 32. Nc6 {[%clk 0:00:06]} Bb7 {[%clk 0:00:03]} 33. Nxd8
{[%clk 0:00:07]} Bxg2 {[%clk 0:00:03]} 34. Nxe6 {[%clk 0:00:07]} Qxe6
{[%clk 0:00:03]} 35. Kxg2 {[%clk 0:00:07]} f6 {[%clk 0:00:05]} 36. Qe4
{[%clk 0:00:06]} fxe5 {[%clk 0:00:05]} 37. Qd5 {[%clk 0:00:07]} Kf7
{[%clk 0:00:05]} 38. Kf3 {[%clk 0:00:08]} Qxd5+ {[%clk 0:00:05]} 39. cxd5
{[%clk 0:00:09]} Ke7 {[%clk 0:00:07]} 40. Ke4 {[%clk 0:00:10]} 1-0

[Event "Blondes - Brunettes"]
[Site "Moscow"]
[Date "2020.03.15"]
[Round "3.8"]
[White "Guseva, Marina"]
[Black "Larina, Maria"]
[Result "1-0"]
[BlackElo "1776"]
[WhiteElo "2259"]
[LiveChessVersion "1.4.8"]

1. d4 {[%clk 0:03:03]} f5 {[%clk 0:03:03]} 2. c4 {[%clk 0:03:03]} Nf6
{[%clk 0:03:04]} 3. g3 {[%clk 0:03:04]} g6 {[%clk 0:03:04]} 4. Bg2
{[%clk 0:03:04]} Bg7 {[%clk 0:03:05]} 5. Nf3 d6 6. O-O {[%clk 0:03:05]} O-O
{[%clk 0:03:07]} 7. Nc3 {[%clk 0:03:06]} Nc6 {[%clk 0:03:08]} 8. d5
{[%clk 0:03:03]} Na5 {[%clk 0:03:10]} 9. Qd3 {[%clk 0:03:00]} e5 {[%clk 0:03:09]}
10. dxe6 {[%clk 0:02:59]} Bxe6 {[%clk 0:03:10]} 11. Nd2 {[%clk 0:02:27]} Nc6
{[%clk 0:02:53]} 12. b3 {[%clk 0:02:23]} Nb4 {[%clk 0:02:19]} 13. Qb1
{[%clk 0:01:56]} d5 {[%clk 0:01:33]} 14. Bb2 {[%clk 0:01:45]} c6 {[%clk 0:01:13]}
15. Rd1 {[%clk 0:01:36]} Qc7 {[%clk 0:00:42]} 16. a3 {[%clk 0:01:32]} Na6
{[%clk 0:00:43]} 17. cxd5 {[%clk 0:01:31]} Nxd5 {[%clk 0:00:42]} 18. Nxd5
{[%clk 0:01:29]} Bxd5 {[%clk 0:00:43]} 19. Bxd5+ {[%clk 0:01:29]} cxd5
{[%clk 0:00:43]} 20. Nf3 {[%clk 0:01:28]} Rad8 {[%clk 0:00:41]} 21. b4
{[%clk 0:01:21]} Qe7 {[%clk 0:00:40]} 22. Bxg7 {[%clk 0:01:16]} Qxg7
{[%clk 0:00:41]} 23. Qa2 {[%clk 0:01:16]} Nc7 {[%clk 0:00:38]} 24. Rac1
{[%clk 0:01:16]} Rd7 {[%clk 0:00:39]} 25. Rd3 {[%clk 0:00:54]} Re8
{[%clk 0:00:38]} 26. Rcd1 {[%clk 0:00:54]} Qf7 {[%clk 0:00:32]} 27. Qb2
{[%clk 0:00:52]} Qg7 {[%clk 0:00:25]} 28. Qd2 {[%clk 0:00:49]} Red8
{[%clk 0:00:25]} 29. Nd4 {[%clk 0:00:45]} Qe5 {[%clk 0:00:22]} 30. Re3
{[%clk 0:00:45]} Qf6 {[%clk 0:00:21]} 31. Rc1 {[%clk 0:00:44]} Kh8
{[%clk 0:00:10]} 32. Qc3 {[%clk 0:00:39]} Kg7 {[%clk 0:00:06]} 33. Qd2
{[%clk 0:00:26]} Ne8 {[%clk 0:00:07]} 34. Ne6+ {[%clk 0:00:25]} Kh8
{[%clk 0:00:06]} 35. Nxd8 {[%clk 0:00:26]} Rxd8 {[%clk 0:00:07]} 36. Rd3
{[%clk 0:00:23]} d4 {[%clk 0:00:07]} 37. Rd1 {[%clk 0:00:23]} Nc7
{[%clk 0:00:05]} 38. Rxd4 {[%clk 0:00:23]} Re8 {[%clk 0:00:06]} 39. Rd7
{[%clk 0:00:22]} Ne6 {[%clk 0:00:06]} 40. Qd6 {[%clk 0:00:20]} f4
{[%clk 0:00:05]} 41. Qd3 {[%clk 0:00:16]} fxg3 {[%clk 0:00:06]} 42. hxg3
{[%clk 0:00:16]} Kg8 {[%clk 0:00:06]} 43. Qb3 {[%clk 0:00:16]} Kf8
{[%clk 0:00:05]} 44. R7d6 {[%clk 0:00:15]} Qf5 {[%clk 0:00:05]} 45. Qf3
{[%clk 0:00:15]} Ng7 {[%clk 0:00:05]} 46. Qxf5+ {[%clk 0:00:14]} Nxf5
{[%clk 0:00:06]} 47. Rd8 {[%clk 0:00:15]} Ke7 {[%clk 0:00:06]} 48. Rxe8+
{[%clk 0:00:16]} Kxe8 {[%clk 0:00:07]} 49. e4 {[%clk 0:00:16]} Ne7
{[%clk 0:00:08]} 50. Kg2 {[%clk 0:00:17]} Nc6 {[%clk 0:00:09]} 51. f4
{[%clk 0:00:17]} Ke7 {[%clk 0:00:10]} 52. Kf3 {[%clk 0:00:19]} Ke6
{[%clk 0:00:11]} 53. g4 {[%clk 0:00:19]} Ne7 {[%clk 0:00:10]} 54. Rh1
{[%clk 0:00:18]} 1-0

[Event "Blondes - Brunettes"]
[Site "Moscow"]
[Date "2020.03.15"]
[Round "3.9"]
[White "Mirzoeva, Elmira"]
[Black "Zhukova, Natalia"]
[Result "0-1"]
[BlackElo "2423"]
[WhiteElo "2135"]
[LiveChessVersion "1.4.8"]

1. d4 {[%clk 0:03:02]} Nf6 {[%clk 0:03:03]} 2. c4 {[%clk 0:03:03]} c5
{[%clk 0:03:04]} 3. d5 {[%clk 0:03:03]} b5 {[%clk 0:03:05]} 4. cxb5
{[%clk 0:03:02]} a6 {[%clk 0:03:06]} 5. e3 {[%clk 0:03:00]} g6 {[%clk 0:03:04]}
6. Nc3 {[%clk 0:03:00]} Bg7 {[%clk 0:03:05]} 7. a4 {[%clk 0:02:59]} O-O
{[%clk 0:03:04]} 8. Nf3 {[%clk 0:02:59]} Bb7 {[%clk 0:03:05]} 9. e4
{[%clk 0:02:54]} e6 {[%clk 0:03:00]} 10. Be3 {[%clk 0:02:25]} exd5
{[%clk 0:02:55]} 11. exd5 {[%clk 0:02:24]} Ng4 {[%clk 0:02:51]} 12. Bxc5
{[%clk 0:02:08]} Re8+ {[%clk 0:02:52]} 13. Be2 {[%clk 0:02:03]} axb5
{[%clk 0:02:53]} 14. h3 {[%clk 0:01:29]} Nf6 {[%clk 0:02:12]} 15. O-O
{[%clk 0:01:15]} bxa4 {[%clk 0:01:59]} 16. Bb5 {[%clk 0:01:03]} Na6
{[%clk 0:01:49]} 17. Bd4 {[%clk 0:01:03]} Nc7 {[%clk 0:01:49]} 18. Bxa4
{[%clk 0:00:54]} Nfxd5 {[%clk 0:01:44]} 19. Bxg7 {[%clk 0:00:52]} Kxg7
{[%clk 0:01:45]} 20. Qd4+ {[%clk 0:00:45]} f6 {[%clk 0:01:38]} 21. Ne4
{[%clk 0:00:36]} Ne6 {[%clk 0:01:36]} 22. Qd2 {[%clk 0:00:24]} Qe7
{[%clk 0:01:10]} 23. Rfe1 {[%clk 0:00:18]} Ra7 {[%clk 0:00:15]} 24. Nd4
{[%clk 0:00:17]} Rea8 {[%clk 0:00:15]} 25. b3 {[%clk 0:00:16]} Ndf4
{[%clk 0:00:11]} 26. Nxe6+ {[%clk 0:00:08]} Nxe6 {[%clk 0:00:12]} 27. Nd6
{[%clk 0:00:04]} Bc6 {[%clk 0:00:12]} 28. Qb2 {[%clk 0:00:00]} Bxa4
{[%clk 0:00:12]} 29. bxa4 {[%clk 0:00:00]} Rxa4 {[%clk 0:00:12]} 30. Nc8
{[%clk 0:00:00]} Qc5 {[%clk 0:00:12]} 31. Rxa4 {[%clk 0:00:00]} Rxa4
{[%clk 0:00:12]} 32. Nb6 {[%clk 0:00:00]} Rb4 {[%clk 0:00:12]} 33. Nxd7
{[%clk 0:00:00]} Rxb2 {[%clk 0:00:12]} 34. Nxc5 {[%clk 0:00:00]} Nxc5
{[%clk 0:00:12]} 0-1

[Event "Blondes - Brunettes"]
[Site "Moscow"]
[Date "2020.03.15"]
[Round "3.10"]
[White "Kosteniuk, Oksana"]
[Black "Maltsevskaya, Aleksandra"]
[Result "0-1"]
[BlackElo "2306"]
[WhiteElo "1927"]
[LiveChessVersion "1.4.8"]

1. Nf3 {[%clk 0:03:02]} Nf6 {[%clk 0:03:02]} 2. g3 {[%clk 0:03:03]} g6
{[%clk 0:03:03]} 3. Bg2 {[%clk 0:03:05]} Bg7 {[%clk 0:03:03]} 4. O-O
{[%clk 0:03:04]} O-O {[%clk 0:03:02]} 5. c4 {[%clk 0:03:04]} d6 {[%clk 0:03:03]}
6. d3 {[%clk 0:02:56]} e5 {[%clk 0:03:03]} 7. Bg5 {[%clk 0:02:47]} h6
{[%clk 0:03:04]} 8. Bd2 {[%clk 0:02:41]} Nc6 {[%clk 0:03:03]} 9. Nc3
{[%clk 0:02:42]} Kh7 {[%clk 0:03:02]} 10. h4 {[%clk 0:02:36]} Nh5
{[%clk 0:02:56]} 11. Nh2 {[%clk 0:02:08]} f5 {[%clk 0:02:52]} 12. e3
{[%clk 0:01:37]} f4 {[%clk 0:02:35]} 13. exf4 {[%clk 0:01:27]} exf4
{[%clk 0:02:35]} 14. g4 {[%clk 0:01:19]} f3 {[%clk 0:02:02]} 15. Bxf3
{[%clk 0:00:52]} Nf4 {[%clk 0:02:00]} 16. Bxf4 {[%clk 0:00:37]} Rxf4
{[%clk 0:02:00]} 17. Nd5 {[%clk 0:00:36]} Rf7 {[%clk 0:01:53]} 18. h5
{[%clk 0:00:23]} gxh5 {[%clk 0:01:48]} 19. Be4+ {[%clk 0:00:20]} Kh8
{[%clk 0:01:42]} 20. gxh5 {[%clk 0:00:14]} Bh3 {[%clk 0:01:35]} 21. Re1
{[%clk 0:00:13]} Qg5+ {[%clk 0:01:34]} 22. Kh1 {[%clk 0:00:09]} Rxf2
{[%clk 0:01:34]} 23. Rg1 {[%clk 0:00:10]} Qe5 {[%clk 0:01:29]} 24. Bg2
{[%clk 0:00:03]} Qg3 {[%clk 0:01:15]} 0-1

[Event "Blondes - Brunettes"]
[Site "Moscow"]
[Date "2020.03.15"]
[Round "4.1"]
[White "Girya, Olga"]
[Black "Kosteniuk, Alexandra"]
[Result "0-1"]
[BlackElo "2521"]
[WhiteElo "2250"]
[LiveChessVersion "1.4.8"]

1. d4 {[%clk 0:03:03]} Nf6 {[%clk 0:03:03]} 2. c4 {[%clk 0:03:04]} e6
{[%clk 0:03:05]} 3. Nf3 {[%clk 0:03:05]} b6 {[%clk 0:03:06]} 4. g3
{[%clk 0:03:06]} Bb7 {[%clk 0:03:08]} 5. Bg2 {[%clk 0:03:07]} Be7
{[%clk 0:03:09]} 6. O-O {[%clk 0:03:07]} O-O {[%clk 0:03:10]} 7. Nc3
{[%clk 0:03:04]} Ne4 {[%clk 0:03:11]} 8. Bd2 d6 9. Qc2 {[%clk 0:02:57]} Nxd2
{[%clk 0:03:10]} 10. Nxd2 {[%clk 0:02:58]} Bxg2 {[%clk 0:03:06]} 11. Kxg2
{[%clk 0:02:59]} Nd7 {[%clk 0:03:06]} 12. f4 {[%clk 0:02:58]} c5 {[%clk 0:02:56]}
13. d5 {[%clk 0:02:57]} a6 {[%clk 0:02:18]} 14. Nf3 {[%clk 0:02:41]} b5
{[%clk 0:02:08]} 15. dxe6 {[%clk 0:02:30]} fxe6 {[%clk 0:02:09]} 16. Qe4
{[%clk 0:02:30]} Rf6 {[%clk 0:02:07]} 17. Ng5 {[%clk 0:02:30]} Nf8
{[%clk 0:02:05]} 18. f5 {[%clk 0:02:00]} d5 {[%clk 0:01:55]} 19. cxd5
{[%clk 0:01:36]} exf5 {[%clk 0:01:53]} 20. Qf3 {[%clk 0:01:23]} b4
{[%clk 0:01:49]} 21. Na4 {[%clk 0:01:18]} Rd6 {[%clk 0:01:41]} 22. Ne6
{[%clk 0:01:04]} Nxe6 {[%clk 0:01:40]} 23. dxe6 {[%clk 0:01:05]} Rxe6
{[%clk 0:01:38]} 24. Rad1 {[%clk 0:00:43]} Qc8 {[%clk 0:01:22]} 25. Qd5
{[%clk 0:00:30]} Kh8 {[%clk 0:01:22]} 26. Rxf5 {[%clk 0:00:25]} Rd6
{[%clk 0:01:18]} 27. Qf7 {[%clk 0:00:04]} Rxd1 {[%clk 0:01:15]} 28. Rf3
{[%clk 0:00:00]} 0-1

[Event "Blondes - Brunettes"]
[Site "Moscow"]
[Date "2020.03.15"]
[Round "4.2"]
[White "Kovalevskaya, Ekaterina"]
[Black "Goryachkina, Aleksandra"]
[Result "1/2-1/2"]
[BlackElo "2441"]
[WhiteElo "2243"]
[LiveChessVersion "1.4.8"]

1. Nf3 {[%clk 0:03:03]} d5 {[%clk 0:03:01]} 2. g3 {[%clk 0:03:03]} c6
{[%clk 0:02:59]} 3. Bg2 {[%clk 0:03:04]} Bg4 {[%clk 0:02:59]} 4. O-O
{[%clk 0:03:01]} Nd7 {[%clk 0:02:59]} 5. d3 {[%clk 0:03:01]} Ngf6
{[%clk 0:02:57]} 6. Nbd2 {[%clk 0:03:00]} e5 {[%clk 0:02:58]} 7. e4
{[%clk 0:03:00]} dxe4 {[%clk 0:02:53]} 8. dxe4 {[%clk 0:02:59]} Be7
{[%clk 0:02:52]} 9. Qe2 {[%clk 0:02:56]} O-O {[%clk 0:02:51]} 10. Nc4
{[%clk 0:02:54]} Qc7 {[%clk 0:02:51]} 11. Ne3 {[%clk 0:02:52]} Bh5
{[%clk 0:02:43]} 12. Nf5 {[%clk 0:02:48]} Bc5 {[%clk 0:02:41]} 13. h3
{[%clk 0:02:43]} Rfe8 {[%clk 0:02:39]} 14. Bd2 {[%clk 0:02:28]} b5
{[%clk 0:02:10]} 15. Rad1 {[%clk 0:02:15]} a5 {[%clk 0:02:07]} 16. b3
{[%clk 0:02:08]} Nf8 {[%clk 0:01:58]} 17. Bg5 {[%clk 0:02:00]} N6d7
{[%clk 0:01:51]} 18. Be3 {[%clk 0:01:50]} Rad8 {[%clk 0:01:42]} 19. c3
{[%clk 0:01:26]} Ne6 {[%clk 0:01:38]} 20. Rd2 {[%clk 0:01:22]} Bxe3
{[%clk 0:01:13]} 21. Qxe3 {[%clk 0:01:22]} Bxf3 {[%clk 0:01:09]} 22. Qxf3
{[%clk 0:01:08]} Ndc5 {[%clk 0:01:01]} 23. Rfd1 {[%clk 0:01:06]} Rxd2
{[%clk 0:01:01]} 24. Rxd2 {[%clk 0:01:07]} Rd8 {[%clk 0:01:02]} 25. Qd1
{[%clk 0:01:03]} Rxd2 {[%clk 0:00:52]} 26. Qxd2 {[%clk 0:01:04]} Kf8
{[%clk 0:00:48]} 27. f3 {[%clk 0:00:42]} Qd7 {[%clk 0:00:48]} 28. Qxd7
{[%clk 0:00:40]} Nxd7 {[%clk 0:00:49]} 29. Kf2 {[%clk 0:00:38]} g6
{[%clk 0:00:49]} 30. Ne3 {[%clk 0:00:39]} Ke7 {[%clk 0:00:49]} 31. Bf1
{[%clk 0:00:38]} Kd6 {[%clk 0:00:50]} 32. h4 {[%clk 0:00:36]} h5 {[%clk 0:00:50]}
33. Bh3 {[%clk 0:00:35]} Nec5 {[%clk 0:00:45]} 34. Bxd7 {[%clk 0:00:34]} Nxd7
{[%clk 0:00:40]} 35. Ke2 {[%clk 0:00:34]} Nc5 {[%clk 0:00:30]} 1/2-1/2

[Event "Blondes - Brunettes"]
[Site "Moscow"]
[Date "2020.03.15"]
[Round "4.3"]
[White "Bivol, Alina"]
[Black "Bodnaruk, Anastasia"]
[Result "1-0"]
[BlackElo "2415"]
[WhiteElo "2219"]
[LiveChessVersion "1.4.8"]

1. Nf3 {[%clk 0:03:03]} Nf6 {[%clk 0:03:03]} 2. g3 {[%clk 0:03:03]} g6
{[%clk 0:03:04]} 3. Bg2 {[%clk 0:03:04]} Bg7 {[%clk 0:03:05]} 4. d4
{[%clk 0:03:05]} O-O {[%clk 0:03:06]} 5. c4 {[%clk 0:03:06]} d6 {[%clk 0:03:07]}
6. O-O {[%clk 0:03:05]} Nc6 {[%clk 0:03:08]} 7. Nc3 {[%clk 0:03:04]} a6
{[%clk 0:03:09]} 8. b3 {[%clk 0:03:00]} Rb8 {[%clk 0:03:08]} 9. Nd5
{[%clk 0:02:59]} Nh5 {[%clk 0:02:56]} 10. Bb2 {[%clk 0:02:52]} f5
{[%clk 0:02:46]} 11. e3 {[%clk 0:02:23]} Bd7 {[%clk 0:02:23]} 12. Rc1
{[%clk 0:02:23]} e6 {[%clk 0:02:17]} 13. Nf4 {[%clk 0:02:23]} Nf6
{[%clk 0:01:55]} 14. d5 {[%clk 0:02:20]} exd5 {[%clk 0:01:43]} 15. cxd5
{[%clk 0:02:15]} Na7 {[%clk 0:00:58]} 16. Ng5 {[%clk 0:02:16]} Re8
{[%clk 0:00:28]} 17. Nge6 {[%clk 0:02:16]} Bxe6 {[%clk 0:00:29]} 18. Nxe6
{[%clk 0:02:16]} Rxe6 {[%clk 0:00:30]} 19. dxe6 {[%clk 0:02:17]} Qe7
{[%clk 0:00:23]} 20. a4 {[%clk 0:02:06]} Nc8 {[%clk 0:00:18]} 21. b4
{[%clk 0:01:46]} c6 {[%clk 0:00:15]} 22. b5 {[%clk 0:01:46]} axb5 23. axb5
{[%clk 0:01:47]} Qxe6 {[%clk 0:00:10]} 24. bxc6 {[%clk 0:01:39]} bxc6
{[%clk 0:00:11]} 25. Bxf6 {[%clk 0:01:35]} Qxf6 {[%clk 0:00:07]} 26. Rxc6
{[%clk 0:01:35]} Bf8 {[%clk 0:00:05]} 27. Qd3 {[%clk 0:01:00]} Ne7
{[%clk 0:00:03]} 28. Rxd6 {[%clk 0:00:59]} Qe5 {[%clk 0:00:04]} 29. Rd7
{[%clk 0:00:58]} Rc8 {[%clk 0:00:04]} 30. h4 {[%clk 0:00:57]} Kg7
{[%clk 0:00:04]} 31. Rd1 {[%clk 0:00:56]} Kh6 {[%clk 0:00:05]} 32. Qd4
{[%clk 0:00:54]} Qe6 {[%clk 0:00:05]} 33. Qf4+ {[%clk 0:00:53]} Kg7
{[%clk 0:00:06]} 34. R7d6 {[%clk 0:00:53]} Qf7 {[%clk 0:00:07]} 35. e4
{[%clk 0:00:50]} fxe4 {[%clk 0:00:07]} 36. Qxe4 {[%clk 0:00:49]} Kg8
{[%clk 0:00:04]} 37. Rd7 {[%clk 0:00:49]} Rc5 {[%clk 0:00:05]} 38. Bh3
{[%clk 0:00:47]} Kg7 {[%clk 0:00:05]} 39. Re1 {[%clk 0:00:45]} 1-0